[Event "AUTO-INT-1185"]
[Site "http://www.queenalice.com/game.php?id=530946"]
[Date "2009.1.28"]
[Round "1"]
[White "chyco"]
[Black "theduchess"]
[Result "1-0"]
[WhiteElo "1376"]
[BlackElo "1635"]

1. e4 e5 2. Qf3 Nf6 3. Bc4 c6 4. d3 d5 5. exd5 cxd5 6. Bb3 h6 7. Qe3 Nc6 8. Nc3
d4 9. Qf3 dxc3 10. bxc3 Be7 11. Qg3 O-O 12. Bxh6 g6 13. O-O-O Nh5 14. Nf3 Nxg3
15. hxg3 Re8 16. Rde1 Ba3+ 17. Kb1 Qa5 18. Bd2 Bd6 19. Ng5 Be6 20. Re3 Bxb3 21.
cxb3 Qa3 22. Re4 f6 23. Nf3 Kg7 24. Reh4 Kf7 25. Rh7+ Ke6 26. R1h6 Rg8 27. g4 b5
28. g5 f5 29. Nh4 Ne7 30. Nf3 a5 31. d4 e4 32. Bc1 Qxc1+ 33. Kxc1 exf3 34. gxf3
Bf4+ 35. Kc2 Bxg5 36. Rh5 Bf6 37. Rh1 Rh8 38. Re1+ Kd6 39. Rf7 Raf8 40. Rxf8
Rxf8 41. f4 Nd5 42. a4 bxa4 43. bxa4 Rc8 44. Re3 Nxe3+ 45. fxe3 g5 46. fxg5 1-0

[Event "AUTO-INT-1185"]
[Site "http://www.queenalice.com/game.php?id=530947"]
[Date "2009.1.28"]
[Round "1"]
[White "theduchess"]
[Black "chyco"]
[Result "1-0"]
[WhiteElo "1654"]
[BlackElo "1481"]

1. d4 d5 2. c4 dxc4 3. Nc3 Bf5 4. e4 Bg6 5. Bxc4 c6 6. Nf3 Nf6 7. e5 Nh5 8. O-O
e6 9. Re1 Be7 10. g4 Bb4 11. gxh5 Bxh5 12. Qd3 f6 13. Bf4 Bg6 14. Qe3 f5 15. Ng5
Bf7 16. Nxf7 Kxf7 17. Kh1 h6 18. Qh3 Qxd4 19. Qh5+ g6 20. Bxe6+ Kg7 21. Qf3 Rd8
22. Rad1 Qc4 23. Bxc4 Rxd1 24. Rxd1 b5 25. Bb3 Na6 26. Qxc6 Bc5 27. Qf6+ Kh7 28.
Rd7+ Be7 29. Rxe7# 1-0

[Event "AUTO-INT-1185"]
[Site "http://www.queenalice.com/game.php?id=530954"]
[Date "2009.1.28"]
[Round "1"]
[White "Marivaldo"]
[Black "theduchess"]
[Result "0-1"]
[WhiteElo "1736"]
[BlackElo "1638"]

1. d4 Nf6 2. Nf3 e6 3. Bg5 d5 4. Nc3 c5 5. e3 Nc6 6. Bb5 Bd7 7. O-O a6 8. Bxc6
Bxc6 9. Ne5 h6 10. Bxf6 Qxf6 11. Nxc6 bxc6 12. Ne2 Bd6 13. c3 O-O 14. Qa4 Rfc8
15. Rad1 Qh4 16. g3 Qg4 17. Rd2 c4 18. Qd1 h5 19. Nf4 Qxd1 20. Rfxd1 Bxf4 21.
exf4 c5 22. b3 cxb3 23. axb3 cxd4 24. cxd4 Rc3 25. Rd3 Rac8 26. Rxc3 Rxc3 27.
Ra1 Rxb3 28. Rxa6 Rb4 29. Ra8+ Kh7 30. Ra7 Kg6 31. Kf1 Rxd4 32. Ke2 Rb4 33. h3
e5 34. fxe5 Re4+ 35. Kd3 Rxe5 36. Ra6+ f6 37. Kd4 Re2 38. f3 Rg2 39. g4 hxg4 40.
hxg4 Rg3 41. Ra3 f5 42. gxf5+ Kxf5 43. Kxd5 Kf4 44. Ke6 g5 45. Kf6 g4 46. fxg4
Rxa3 47. g5 Ra6+ 48. Kg7 Kxg5 49. Kh7 Rg6 50. Kh8 Kf6 51. Kh7 Kf7 52. Kh8 Rh6#
0-1

[Event "AUTO-INT-1185"]
[Site "http://www.queenalice.com/game.php?id=530955"]
[Date "2009.1.28"]
[Round "1"]
[White "theduchess"]
[Black "Marivaldo"]
[Result "1-0"]
[WhiteElo "1570"]
[BlackElo "1730"]

1. d4 d5 2. c4 dxc4 3. Nc3 a6 4. Qa4+ Nc6 5. Qxc4 Qxd4 6. e3 Qxc4 7. Bxc4 Ne5 8.
Nd5 Kd8 9. Bb3 Bd7 10. Nf4 Bb5 11. Bd2 g5 12. Bc3 Bg7 13. O-O-O+ Ke8 14. Nd5 Rc8
15. Kb1 f6 16. f4 gxf4 17. exf4 Nd3 18. Nh3 Nc5 19. Bc2 Bc6 20. Nf2 e6 21. Rhe1
Kf7 22. Nb4 Bxg2 23. Bd4 a5 24. Bxc5 axb4 25. Rd7+ Ke8 26. Rxg7 Bd5 27. Bxh7 Nh6
28. Bg6+ Kd8 29. Be7+ Kd7 30. Bxf6+ Kc6 31. Rc1+ Kb6 32. Nd3 Ng4 33. Bd4+ Ka5
34. Rgxc7 Rxc7 35. Rxc7 Rxh2 36. Rc5+ b5 37. Rc7 Rh1+ 38. Nc1 b3 39. a3 b4 40.
a4 Bc4 41. Rxc4 Kxa4 42. Rc7 Kb5 43. Be8+ Ka6 44. Ra7# 1-0

[Event "Let's Play Chess!"]
[Site "http://www.queenalice.com/game.php?id=532760"]
[Date "2009.1.31"]
[Round "-"]
[White "Noyender"]
[Black "theduchess"]
[Result "1-0"]
[WhiteElo "1780"]
[BlackElo "1673"]

1. e4 e5 2. f4 exf4 3. Nf3 d6 4. d4 g6 5. Bxf4 Bg7 6. Bc4 Ne7 7. Nc3 c6 8. Qe2
Bg4 9. h3 Bxf3 10. Qxf3 c5 11. O-O-O Bxd4 12. Bg5 Bxc3 13. Qxf7+ Kd7 14. Be6+
Kc6 15. Bxe7 1-0

[Event "Let's Play Chess!"]
[Site "http://www.queenalice.com/game.php?id=536451"]
[Date "2009.2.7"]
[Round "-"]
[White "theduchess"]
[Black "spawnwolfwolverine"]
[Result "1-0"]
[WhiteElo "1679"]
[BlackElo "1706"]

1. d4 d5 2. c4 dxc4 3. Nc3 e6 4. e4 Bb4 5. Bxc4 Ne7 6. Nf3 O-O 7. O-O Bxc3 8.
bxc3 Nbc6 9. Ba3 a6 10. Re1 b5 11. Bb3 Bb7 12. d5 exd5 13. exd5 Na5 14. Bxe7 Qd7
15. Bxf8 Rxf8 16. Qc2 Nxb3 17. axb3 Bxd5 18. c4 bxc4 19. bxc4 Bxf3 20. gxf3 Qc6
21. Qe4 Qxe4 22. fxe4 Ra8 23. Re3 a5 24. Rea3 g6 25. Rxa5 Rxa5 26. Rxa5 f5 27.
exf5 gxf5 28. Rxf5 c5 29. Rxc5 h5 30. Rd5 h4 31. c5 h3 32. c6 Kf7 33. c7 Ke6 34.
Rd8 Ke5 35. c8=Q Ke4 36. Qe6+ Kf3 37. Rf8# 1-0

[Event "Let's Play Chess!"]
[Site "http://www.queenalice.com/game.php?id=537955"]
[Date "2009.2.10"]
[Round "-"]
[White "CampbellMarcel"]
[Black "theduchess"]
[Result "1-0"]
[WhiteElo "1661"]
[BlackElo "1687"]

1. e4 e5 2. f4 exf4 3. Nf3 d6 4. d4 Nf6 5. Bxf4 Bg4 6. Be2 Nxe4 7. O-O Nf6 8. h3
Bh5 9. g4 Bg6 10. Bb5+ c6 11. Re1+ Be7 12. Ba4 O-O 13. Nc3 Nbd7 14. g5 Nh5 15.
Bd2 d5 16. h4 Qc7 17. Ne2 Bd6 18. c3 Nb6 19. Bc2 Bg3 20. Bxg6 fxg6 21. Rf1 Nc4
22. b3 Nxd2 23. Qxd2 Bf4 24. Nxf4 1-0

[Event "AUTO-ADV-1214"]
[Site "http://www.queenalice.com/game.php?id=538278"]
[Date "2009.2.10"]
[Round "1"]
[White "socioa22"]
[Black "theduchess"]
[Result "1-0"]
[WhiteElo "1825"]
[BlackElo "1660"]

1. e4 e5 2. Nf3 Nc6 3. Bc4 Bc5 4. d3 d6 5. Be3 Bb6 6. Nc3 Nf6 7. O-O Bg4 8. h3
Bh5 9. Nd5 Nxd5 10. Bxd5 Bxe3 11. fxe3 O-O 12. Qd2 Rb8 13. Rf2 Ne7 14. Bb3 c6
15. Raf1 Bxf3 16. Rxf3 d5 17. exd5 cxd5 18. e4 Qb6+ 19. Kh1 a5 20. exd5 a4 21.
Bxa4 Qxb2 22. Bb3 b5 23. d6 Nc6 24. Rxf7 1-0

[Event "AUTO-ADV-1214"]
[Site "http://www.queenalice.com/game.php?id=538279"]
[Date "2009.2.10"]
[Round "1"]
[White "theduchess"]
[Black "socioa22"]
[Result "0-1"]
[WhiteElo "1670"]
[BlackElo "1815"]

1. d4 d5 2. c4 e6 3. Nf3 c5 4. dxc5 Bxc5 5. cxd5 exd5 6. e3 Nf6 7. Be2 O-O 8.
O-O Nc6 9. b3 Bf5 10. Bb2 Nb4 11. Nc3 Bc2 12. Qd2 Bg6 13. Na4 Be7 14. Ne5 Ne4
15. Qd1 Ng5 16. Nxg6 fxg6 17. a3 Nc6 18. Nc3 Qc7 19. Nxd5 Qb8 20. Nxe7+ Nxe7 21.
Qd4 Nf5 0-1

[Event "AUTO-ADV-1214"]
[Site "http://www.queenalice.com/game.php?id=538292"]
[Date "2009.2.10"]
[Round "1"]
[White "theduchess"]
[Black "lifelessons"]
[Result "0-1"]
[WhiteElo "1578"]
[BlackElo "1896"]

1. d4 d5 2. c4 c5 3. dxc5 Qa5+ 4. Bd2 Qxc5 5. cxd5 Qxd5 6. Nc3 Qd8 7. e4 g6 8.
Nf3 Bg7 9. Be2 Nf6 10. O-O O-O 11. Bg5 Nc6 12. e5 Ne8 13. Qxd8 Nxd8 14. Bxe7 Bf5
15. Bxf8 Kxf8 16. Rac1 Nc6 17. Rfe1 Nxe5 0-1

[Event "AUTO-ADV-1214"]
[Site "http://www.queenalice.com/game.php?id=538293"]
[Date "2009.2.10"]
[Round "1"]
[White "lifelessons"]
[Black "theduchess"]
[Result "1-0"]
[WhiteElo "1899"]
[BlackElo "1575"]

1. d4 Nf6 2. Bg5 d5 3. Bxf6 exf6 4. e3 Be7 5. Bd3 Nc6 6. c3 O-O 7. Qc2 h6 8. h4
f5 9. Nd2 Bxh4 10. O-O-O Bxf2 11. Rf1 Bxe3 12. Nf3 Qf6 13. Rh5 Qg6 14. Rhh1 a6
15. Nh4 Qg5 16. Bxf5 Bxd2+ 17. Qxd2 Qxd2+ 18. Kxd2 1-0

[Event "AUTO-OPEN-1437"]
[Site "http://www.queenalice.com/game.php?id=538476"]
[Date "2009.2.11"]
[Round "1"]
[White "Cleverton1990"]
[Black "theduchess"]
[Result "1-0"]
[WhiteElo "2009"]
[BlackElo "1714"]

1. d4 Nf6 2. c4 e6 3. Nf3 d5 4. e3 b6 5. Bd3 dxc4 6. Bxc4 Bb7 7. O-O Be7 8. a3
c5 9. Bb5+ Nbd7 10. dxc5 Bxc5 11. b4 Be7 12. Qe2 O-O 13. Rd1 Qc7 14. Bb2 a6 15.
Ba4 b5 16. Bb3 Bd5 17. Bc2 1-0

[Event "AUTO-OPEN-1437"]
[Site "http://www.queenalice.com/game.php?id=538477"]
[Date "2009.2.11"]
[Round "1"]
[White "theduchess"]
[Black "Cleverton1990"]
[Result "0-1"]
[WhiteElo "1719"]
[BlackElo "2015"]

1. d4 d5 2. c4 dxc4 3. Nc3 e6 4. e3 Nf6 5. Nf3 c5 6. Bxc4 Be7 7. O-O a6 8. dxc5
Qxd1 9. Rxd1 Bxc5 10. b3 b5 11. Be2 Bb7 12. Bb2 Nc6 13. Bd3 Bb6 14. Ne4 Nxe4 15.
Bxe4 O-O 0-1

[Event "AUTO-OPEN-1437"]
[Site "http://www.queenalice.com/game.php?id=538500"]
[Date "2009.2.11"]
[Round "1"]
[White "theduchess"]
[Black "Marllus"]
[Result "1-0"]
[WhiteElo "1683"]
[BlackElo "1490"]

1. d4 Nf6 2. c4 e6 3. Nf3 d5 4. Bg5 c5 5. cxd5 exd5 6. e3 c4 7. a3 Bg4 8. Be2
Nbd7 9. h3 Bh5 10. Nc3 Be7 11. g4 Bg6 12. Ne5 Nxe5 13. dxe5 1-0

[Event "AUTO-OPEN-1437"]
[Site "http://www.queenalice.com/game.php?id=538501"]
[Date "2009.2.11"]
[Round "1"]
[White "Marllus"]
[Black "theduchess"]
[Result "0-1"]
[WhiteElo "1482"]
[BlackElo "1691"]

1. e4 e5 2. Nf3 Nc6 3. Bb5 Nf6 4. O-O a6 5. Ba4 b5 6. Bb3 Be7 7. Re1 O-O 8. c3
Na5 9. Nxe5 d6 10. Nf3 Nxb3 11. Qxb3 Bg4 12. Qd1 c5 13. d4 d5 0-1

[Event "AUTO-OPEN-1437"]
[Site "http://www.queenalice.com/game.php?id=538502"]
[Date "2009.2.11"]
[Round "1"]
[White "theduchess"]
[Black "jhitalo"]
[Result "0-1"]
[WhiteElo "1696"]
[BlackElo "1776"]

1. d4 d5 2. c4 e6 3. Nc3 c6 4. e3 Nf6 5. Nf3 Bd6 6. Bd3 O-O 7. h4 Bc7 8. Ng5 Qd6
9. c5 Qd7 10. Qc2 g6 11. h5 Nxh5 12. Rxh5 gxh5 13. Nxh7 f5 14. Nxf8 Kxf8 15. Bd2
Qg7 16. g3 Nd7 17. O-O-O Nf6 0-1

[Event "AUTO-OPEN-1437"]
[Site "http://www.queenalice.com/game.php?id=538503"]
[Date "2009.2.11"]
[Round "1"]
[White "jhitalo"]
[Black "theduchess"]
[Result "1-0"]
[WhiteElo "1762"]
[BlackElo "1710"]

1. e4 e5 2. Nf3 Nc6 3. Bb5 Nf6 4. Bc4 Bc5 5. Ng5 O-O 6. Qf3 h6 7. Nh3 Nd4 8. Qd3
d6 9. c3 Nc6 10. O-O Na5 11. Bd5 Nc6 12. a4 a6 13. b4 Ba7 14. Bb3 Bxh3 15. Qxh3
Nxe4 16. d3 Ng5 17. Bxg5 Qxg5 18. Na3 Ne7 19. Bc2 Ng6 20. Rad1 1-0

[Event "Let's Play Chess!"]
[Site "http://www.queenalice.com/game.php?id=541891"]
[Date "2009.2.17"]
[Round "-"]
[White "vishnu"]
[Black "theduchess"]
[Result "1-0"]
[WhiteElo "1795"]
[BlackElo "1699"]

1. e4 c5 2. Nc3 Nc6 3. Nf3 d6 4. Bb5 Bd7 5. Bc4 e6 6. O-O Nf6 7. a3 Be7 8. d3 h6
9. Ba2 O-O 10. Bf4 a6 11. Re1 Nd4 12. Nxd4 cxd4 13. Ne2 e5 14. Bg3 Nh5 15. f4
Nxg3 16. Nxg3 1-0